| 000 | 00678nam a22002177a 4500 | ||
|---|---|---|---|
| 003 | OSt | ||
| 005 | 20250826085134.0 | ||
| 008 | 250826b |||||||| |||| 00| 0 eng d | ||
| 020 | _a9781446255285 | ||
| 040 |
_aDWCL-Main lib _cOC |
||
| 082 | _aCirc. 372.21 F771 2014 | ||
| 100 | _aMukherji, Penny | ||
| 245 |
_aFoundations of early childhood : principles and practice _cPenny Mukherji |
||
| 260 |
_aLos Angeles : _bSAGE Publications, _cc2014. |
||
| 300 |
_axvii, 414 pages ; _c23 cm. |
||
| 504 | _aIncludes glossary | ||
| 600 | _2Early childhood education. | ||
| 650 | _21. Early childhood education. | ||
| 650 | _2 2. Education. | ||
| 942 |
_2ddc _cBK-CIRC _kCirc. _n0 |
||
| 999 |
_c4295 _d4295 |
||